000
00308nam a2200109Ia 4500
008
171211s9999 xx 000 0 und d
245
_a
Hammer Film Scores and the Musical Avant-Garde
245
_c
David Huckvale
260
_c
2008
650
_x
cinema
856
_u
http://down.ebook777.com/064/0786434562.pdf
999
_c
348728
_d
348728